000 00510nam a2200193Ia 4500
005 20240711101717.0
008 131103s9999 xx 000 0 und d
040 _aLoreto College
041 _aEnglish
082 _a809
_bKET
100 _aKettle,Arnold
245 3 _aAn introduction to the english novel
_cArnold Kettle
260 _aLondon
_bArrow
_c1962
300 _aV.2
504 _aIncludes bibliographical references and index
650 _aEnglish literature
850 _aLCBED
942 _cBK
999 _c29851
_d80330